000
00337nam a2200133Ia 4500
008
240624s9999 xx 000 0 und d
041
_a
eng
082
_a
150 SIN
100
_a
SINGH JUST WIN
245
_a
HAPPINESS ALWAYS AND IN ALL WAYS
260
_c
2017
_a
New Delhi
_b
Viva Books
300
_a
viii, 144 p.; 23 cm.
365
_c
RS
_b
35
999
_c
31680
_d
31680